[Event "FRA-chT3 Gr12 0304"]
[Site "Loire"]
[Date "2004.01.18"]
[Round "4.2"]
[White "Vuiton, Stephane"]
[Black "Gingene, Eric"]
[Result "0-1"]
[WhiteElo "2082"]
[BlackElo "2066"]
[PlyCount "98"]
[EventDate "2003.10.12"]
[EventType "team"]
[EventRounds "9"]
[EventCountry "FRA"]
[SourceTitle "EXT 2008"]
[Source "ChessBase"]
[SourceDate "2007.11.25"]
[SourceVersion "1"]
[SourceVersionDate "2007.11.25"]
[SourceQuality "1"]

1. d4 d5 2. Nf3 Bf5 3. c4 e6 4. Nc3 c6 5. Qb3 Qb6 6. Bf4 Nf6 7. e3 Na6 8. cxd5 Nb4 9. dxc6 bxc6 10. Kd2 Be7 11. Rc1 0-0 12. Bc4 Rad8 13. Ke2 Nfd5 14. Bg3 c5 15. Na4 Qa5 16. a3 Na6 17. Rhd1 Rb8 18. Bxb8 Rxb8 19. Qa2 Qxa4 20. Ne5 Nb6 21. b3 Nxc4 22. bxa4 Rb2+ 23. Qxb2 Nxb2 24. Rd2 Nxa4 25. Nc6 Bf6 26. f3 h5 27. e4 Bg6 28. g3 cxd4 29. Nxd4 N6c5 30. Rc4 h4 31. Rdc2 Kh7 32. Ke3 Be7 33. Nc6 Bf8 34. Rd2 Nb6 35. Rcc2 f5 36. Rd8 Ncd7 37. Rd2 Bc5+ 38. Kf4 Nf6 39. gxh4 fxe4 40. fxe4 Nxe4 41. Rg2 Nf6 42. Re2 Bf5 43. h5 Nbd5+ 44. Kg5 Ne4+ 45. Kh4 Nf4 46. Rc2 Bxa3 47. Rd7 Kh6 48. Ne5 Bb4 49. Nf3 g5+ 0-1

[Event "Lyon LOE op"]
[Site "Lyon"]
[Date "2002.05.10"]
[Round "5"]
[White "Vuiton, Stephane"]
[Black "Mendola, Daniel"]
[Result "0-1"]
[WhiteElo "2099"]
[BlackElo "2073"]
[PlyCount "72"]
[EventDate "2002.05.??"]
[EventType "swiss"]
[EventRounds "9"]
[EventCountry "FRA"]
[SourceTitle "EXT 2004"]
[Source "ChessBase"]
[SourceDate "2003.11.25"]
[SourceVersion "1"]
[SourceVersionDate "2003.11.25"]
[SourceQuality "1"]

1. d4 d5 2. Nf3 Nf6 3. c4 c6 4. Nc3 e6 5. Bg5 dxc4 6. e4 b5 7. e5 h6 8. Bh4 g5 9. Nxg5 hxg5 10. Bxg5 Nbd7 11. exf6 Bb7 12. g3 c5 13. d5 Qb6 14. Bg2 0-0-0 15. 0-0 b4 16. Na4 Qa6 17. a3 Bxd5 18. Bxd5 Ne5 19. axb4 Rxd5 20. Qe2 cxb4 21. Nc3 Qc6 22. Nxd5 Qxd5 23. f3 Bc5+ 24. Be3 Nd3 25. Bxc5 Qxc5+ 26. Kg2 Rd8 27. Rfd1 Qd4 28. h4 Rd5 29. Rac1 Kb7 30. Qc2 Qe3 31. Ra1 a5 32. Qd2 Nf4+ 33. gxf4 Rxd2+ 34. Rxd2 Qxd2+ 35. Kg3 Qxb2 36. Rxa5 c3 0-1

[Event "Lyon LOE op"]
[Site "Lyon"]
[Date "2002.05.08"]
[Round "2"]
[White "Benitah, Yohan"]
[Black "Vuiton, Stephane"]
[Result "1-0"]
[WhiteElo "2325"]
[BlackElo "2099"]
[PlyCount "57"]
[EventDate "2002.05.??"]
[EventType "swiss"]
[EventRounds "9"]
[EventCountry "FRA"]
[SourceTitle "EXT 2004"]
[Source "ChessBase"]
[SourceDate "2003.11.25"]
[SourceVersion "1"]
[SourceVersionDate "2003.11.25"]
[SourceQuality "1"]

1. d4 Nf6 2. c4 c5 3. d5 e6 4. Nc3 exd5 5. cxd5 d6 6. e4 g6 7. f3 Bg7 8. Bg5 a6 9. a4 Qa5 10. Bd2 Qc7 11. Nge2 b6 12. Ng3 Nbd7 13. Be2 Bb7 14. 0-0 h5 15. Nh1 h4 16. Nf2 Nh5 17. Be3 Ndf6 18. Rc1 Qe7 19. Qd2 Nh7 20. f4 0-0-0 21. b4 N7f6 22. Bf3 Kb8 23. bxc5 bxc5 24. Rb1 Ka8 25. e5 Nd7 26. Nce4 Nxe5 27. fxe5 Qxe5 28. Ng4 Qxd5 29. Rxb7 1-0